Turkije map - Statistics

General Stats
  • This quiz has been taken 16 times
  • The average score is 16 of 36
Answer Stats
schoolwerkfoto Answer % Correct
19 Ankara
100%
15 Antalya
100%
1 Istanbul
86%
6 Izmir
71%
17 Alanya
57%
9 Bodrum
57%
F Iran
57%
G Iraq
57%
18 Konya
57%
22 Van
57%
20 Adana
43%
E Armenië
43%
C Bulgarije
43%
3 Bursa
43%
α Cappadocië
43%
11 Dalaman
43%
J Egeïsche Zee
43%
D Georgie
43%
B Griekenland
43%
2 Izmit
43%
I Middellandse zee
43%
8 Pamukkale
43%
H Syrië
43%
β Taurus
43%
A Turkije
43%
K Zee van Marmara
43%
L Zwarte Zee
43%
5 Ayvalik
29%
16 Belek
29%
21 Diyanbakir
29%
7 Kusadasi
29%
12 Fithiye
14%
13 Kas
14%
14 Kemer
14%
10 Marmaris
14%
4 Truva
0%
No matching quizzes found
Score Distribution
Percent of People with Each Score
Percentile by Number Answered
Your Score History
You have not taken this quiz